Countries A to Z - smallest area - Statistics

General Stats
  • This quiz has been taken 653 times
    600 since last reset
  • The average score is 18 of 24
Answer Stats
Area Country % Correct
V 0.00 Vatican City
94%
Q 4.48 Qatar
92%
Y 204.16 Yemen
92%
O 119.68 Oman
90%
Z 149.59 Zimbabwe
87%
N 0.01 Nauru
84%
T 0.01 Tuvalu
84%
P 0.18 Palau
83%
A 0.17 Antigua and Barbuda
81%
M 0.00 Monaco
80%
B 0.17 Barbados
77%
H 10.66 Haiti
77%
K 0.31 Kiribati
77%
L 0.06 Liechtenstein
77%
J 4.19 Jamaica
76%
R 9.54 Rwanda
74%
D 0.29 Dominica
73%
S 0.02 San Marino
72%
G 0.13 Grenada
66%
C 0.72 Comoros
59%
U 32.33 United Arab Emirates
57%
E 5.75 East Timor
54%
F 0.27 Federated States of Micronesia
54%
I 8.03 Israel
48%
No matching quizzes found
Score Distribution
Percent of People with Each Score
Percentile by Number Answered
Your Score History
You have not taken this quiz since the last reset